000 00841nam a2200397Ia 4500
001 94826
003 175353
005 20250329062539.0
008 ||||||n9999 ||| || ||
245 0 _aLuis Eduardo Nieto Arteta
_besbozo intelectual
_cGonzalo Cataño.
562 _e1
650 0 _aBiografías
_9493
650 0 _aIntelectuales
_9494
650 0 _aPensamiento económico
_94737
942 _cBKM
999 _c94826
_d94826
526 _a
526 _a17598
526 _a102617
526 _a102618
526 _a15794
526 _a102619
526 _a1703
526 _a102620
526 _a10406
526 _a105630
526 _a1698
526 _a116204
526 _a51868
526 _a4969
526 _a19790
526 _a104436
526 _a5144
526 _a1697
526 _a3899
526 _a9683